| 000 | 00577nam a22001817a 4500 | ||
|---|---|---|---|
| 005 | 20251108165420.0 | ||
| 008 | 250721s1982 xx 000 0 ara d | ||
| 082 | 1 | 4 | _aم/929.403/يوس |
| 100 | 1 | _aداغر، يوسف أسعد | |
| 245 | 1 | 0 | _aمعجم الأسماء المستعارة و أصحابها لا سيما في الأدب العربي الحديث / |
| 264 | 1 |
_aبيروت : _bمكتبة لبنان، _c1982. |
|
| 300 | _a291ص | ||
| 650 | 1 | 7 | _aالألقاب |
| 650 | 1 | 7 | _aالقواميس |
| 650 | 1 | 7 | _aالأسماء |
| 942 |
_2ddc _cREF |
||
| 999 |
_c27358 _d27358 |
||